000 00287nam a22001337a 4500
008 170818b xxu||||| |||| 00| 0 eng d
020 _a2900321331907
041 _aeng
080 _25TH
_a51
100 _a37
101 _aMAT
245 _aPREALGEBRA
_cBITTINGER,M.L
942 _2udc
_cBK
999 _c24110
_d24110